|
|
|
|
| LEADER |
00836 a2200205 4500 |
| 008 |
180810b xxu||||| |||| 00| 0 eng d |
| 999 |
|
|
|c 23877
|d 23877
|
| 020 |
|
|
|a 9789352821235
|
| 082 |
|
|
|a 153.6
|b HAN/RAM
|
| 100 |
|
|
|a ഹാന്, തിക്നാറ്റ്
|
| 240 |
|
|
|a Snehabhashanm enna kala
|
| 245 |
|
|
|a സ്നേഹഭാഷണം എന്ന കല /
|c വിവര്ത്തനം : രാമമൂര്ത്തി എ.
|
| 250 |
|
|
|a 1st ed.
|
| 260 |
|
|
|b ഡി.സി. ബുക്സ്,
|a കോട്ടയം :
|c 2018.
|
| 300 |
|
|
|a 136p.
|
| 650 |
|
|
|a Self help
|
| 700 |
|
|
|a Ramamoorthy A.
|e translator.
|
| 700 |
|
|
|a Han, Thich Nhat
|
| 942 |
|
|
|2 ddc
|c BK
|
| 952 |
|
|
|0 0
|1 0
|2 ddc
|4 0
|6 153_600000000000000_HAN_RAM
|7 0
|9 32765
|a MAIN
|b MAIN
|d 2019-01-28
|e 4
|g 0.00
|o 153.6 HAN/RAM
|p 32816
|r 2019-01-28
|t 1
|v 0.00
|w 2019-01-28
|y BK
|